Complex variables and the Laplace transform for engineers (Record no. 13856)

000 -LEADER
fixed length control field 00606nam a22002051 4500
001 - CONTROL NUMBER
control field 13856
003 - CONTROL NUMBER IDENTIFIER
control field BD-DhUET
008 - FIXED-LENGTH DATA ELEMENTS--GENERAL INFORMATION
fixed length control field 840622s1961 nyua b 000 0 eng
040 ## - CATALOGING SOURCE
Original cataloging agency DLC
Transcribing agency DLC
Modifying agency BD-DhUET
082 00 - DEWEY DECIMAL CLASSIFICATION NUMBER
Classification number 517.862
Item number LEP/1961
100 ## - MAIN ENTRY--PERSONAL NAME
Personal name LePage, Wilbur R.
245 10 - TITLE STATEMENT
Title Complex variables and the Laplace transform for engineers
250 ## - EDITION STATEMENT
Edition statement 1st ed.
260 ## - PUBLICATION, DISTRIBUTION, ETC. (IMPRINT)
Place of publication, distribution, etc. Bombay
Name of publisher, distributor, etc. McGraw-Hill
Date of publication, distribution, etc. 1961
300 ## - PHYSICAL DESCRIPTION
Extent xvi, 475 p.
Other physical details ill.
Dimensions 24 cm.
490 ## - SERIES STATEMENT
Series statement International series in pure and applied mathematics
504 ## - BIBLIOGRAPHY, ETC. NOTE
Bibliography, etc Includes bibliographies
650 #0 - SUBJECT ADDED ENTRY--TOPICAL TERM
Topical term or geographic name as entry element Calculus - Complex variables
942 ## - ADDED ENTRY ELEMENTS (KOHA)
Koha item type General Book
Holdings
Koha normalized classification for sorting Source of classification or shelving scheme Lost status Withdrawn status Koha item type Koha full call number Sublocation or collection (holding branch) Koha date last seen Piece designation (barcode) Location (home branch) Shelving location Damaged status Copy number Date acquired Price effective from Not for loan
517_862000000000000_LEP_1961   General Book517.862/LEP/1961Central Library, BUET2015-03-0540116Central Library, BUETCirculation section 12015-03-052015-03-05 
517_862000000000000_LEP_1961   General Book517.862/LEP/1961Central Library, BUET2015-03-0524385Central Library, BUETCirculation section 22015-03-052015-03-05 
517_862000000000000_LEP_1961   General Book517.862/LEP/1961Central Library, BUET2015-03-076374Central Library, BUETCirculation section 32015-03-072015-03-07 
517_862000000000000_LEP_1961   General Book517.862/LEP/1961Central Library, BUET2015-03-0751027Central Library, BUETCirculation section 42015-03-072015-03-07 
517_862000000000000_LEP_1961   General Book517.862/LEP/1961Central Library, BUET2015-03-0720963Central Library, BUETCirculation section 52015-03-072015-03-07 
517_862000000000000_LEP_1961   General Book517.862/LEP/1961Central Library, BUET2015-03-0742659Central Library, BUETCirculation section 62015-03-072015-03-07 
517_862000000000000_LEP_1961   General Book517.862/LEP/1961Central Library, BUET2015-03-0740115Central Library, BUETCirculation section 72015-03-072015-03-07 
517_862000000000000_LEP_1961   General Book517.862/LEP/1961Central Library, BUET2015-03-0739671Central Library, BUETCirculation section 82015-03-072015-03-07 
517_862000000000000_LEP_1961   General Book517.862/LEP/1961Central Library, BUET2015-03-0739670Central Library, BUETCirculation section 92015-03-072015-03-07 
517_862000000000000_LEP_1961   General Book517.862/LEP/1961Central Library, BUET2015-03-0742660Central Library, BUETCirculation section 102015-03-072015-03-07 
517_862000000000000_LEP_1961   General Book517.862/LEP/1961Central Library, BUET2015-03-0942661Central Library, BUETCirculation section 112015-03-092015-03-09 
517_862000000000000_LEP_1961   General Book517.862/LEP/1961Central Library, BUET2015-03-0951026Central Library, BUETCirculation section 122015-03-092015-03-09 
517_862000000000000_LEP_1961   General Book517.862/LEP/1961Central Library, BUET2015-05-032039Central Library, BUETCirculation section 132015-05-032015-05-03 
517_862000000000000_LEP_1961   General Book517.862/LEP/1961Central Library, BUET2015-05-036375Central Library, BUETCirculation section 142015-05-032015-05-03 
517_862000000000000_LEP_1961   General Book517.862/LEP/1961Central Library, BUET2015-05-032041Central Library, BUETCirculation section 152015-05-032015-05-03 
517_862000000000000_LEP_1961   General Book517.862/LEP/1961Central Library, BUET2015-05-032040Central Library, BUETCirculation section 162015-05-032015-05-03